| 000 | 00473nam a2200121Ia 4500 | ||
|---|---|---|---|
| 008 | 220620s9999||||xx |||||||||||||| ||und|| | ||
| 100 | _aThierry M Luescher||James Otieno Jowi||Manja KlemenÄiÄ | ||
| 245 | 0 | _aStudent Politics in Africa: Representation and Activism | |
| 546 | _aEnglish[eng] | ||
| 650 | _aAfrica||student governance||higher education||governance | ||
| 856 | _uhttp://www.africanminds.co.za/wp-content/uploads/2016/03/9781928331223_txt.pdf | ||
| 942 | _cEB | ||
| 999 |
_c26877 _d26877 |
||